Les 20 plus grandes aires urbaines des Etats-Unis - Statistiques

Statistiques générales
  • Ce quiz a été pris 284 fois
  • Le résultat moyen est 16 sur 20
Statistiques - réponses
Population Aire urbaine % Correct
18 711 436 Los Angeles
100%
22 589 036 New York
100%
9 825 325 Chicago
98%
6 889 936 Miami
95%
8 287 710 Boston
91%
9 665 887 San Francisco - San José
91%
9 814 928 Washington - Baltimore
91%
8 057 796 Dallas - Fort Worth
89%
7 253 193 Houston
88%
7 209 620 Philadelphie
83%
4 903 675 Seattle
82%
5 696 911 Détroit - Windsor
78%
6 853 392 Atlanta
74%
3 617 927 Denver
69%
5 002 221 Phoenix
68%
5 319 631 San Diego - Tijuana
64%
3 259 710 Portland
55%
4 160 646 Orlando
54%
4 027 861 Minneapolis
48%
3 586 918 Cleveland
36%
Aucun quiz correspondant
Distribution des résultats
% des personnes avec chaque résultat
Percentile par nombre de réponses
Votre historique - résultats
Vous n’avez pas pris ce quiz